Welcome to CU Library Online Public Access Catalogue (OPAC)

Corporate financial management / (Record no. 3278)

MARC details
000 -LEADER
fixed length control field 00731cam a22002174a 4500
001 - CONTROL NUMBER
control field 13882166
005 - DATE AND TIME OF LATEST TRANSACTION
control field 20250131100956.0
008 - FIXED-LENGTH DATA ELEMENTS--GENERAL INFORMATION
fixed length control field 050224s2005 enka b 001 0 eng
020 ## - INTERNATIONAL STANDARD BOOK NUMBER
International Standard Book Number 0273687263 (pbk.)
050 00 - LIBRARY OF CONGRESS CALL NUMBER
Classification number HG4026
Item number .A755 2005
082 00 - DEWEY DECIMAL CLASSIFICATION NUMBER
Classification number 658.15
Edition information 22
100 1# - MAIN ENTRY--PERSONAL NAME
Personal name Arnold, Glen.
245 10 - TITLE STATEMENT
Title Corporate financial management /
Statement of responsibility, etc. Glen Arnold.
250 ## - EDITION STATEMENT
Edition statement 3rd ed.
260 ## - PUBLICATION, DISTRIBUTION, ETC.
Place of publication, distribution, etc. Harlow, England ;
-- New York :
Name of publisher, distributor, etc. Financial Times/Prentice Hall,
Date of publication, distribution, etc. 2005.
300 ## - PHYSICAL DESCRIPTION
Extent xxxv, 1200, [107] p. :
Other physical details ill. (some col.) ;
Dimensions 27 cm.
650 #0 - SUBJECT ADDED ENTRY--TOPICAL TERM
Topical term or geographic name entry element Corporations
General subdivision Finance
-- Management.
650 #0 - SUBJECT ADDED ENTRY--TOPICAL TERM
Topical term or geographic name entry element Corporations
General subdivision Finance.
856 41 - ELECTRONIC LOCATION AND ACCESS
Materials specified Table of contents only
Uniform Resource Identifier <a href="http://www.loc.gov/catdir/toc/fy0607/2005040066.html">http://www.loc.gov/catdir/toc/fy0607/2005040066.html</a>
942 ## - ADDED ENTRY ELEMENTS (KOHA)
Source of classification or shelving scheme Library of Congress Classification
Koha item type Books
Suppress in OPAC No
999 ## -
-- 3278
-- 3278
Holdings
Withdrawn status Lost status Source of classification or shelving scheme Damaged status Not for loan Collection Home library Current library Shelving location Date acquired Total checkouts Full call number Barcode Date last seen Copy number Price effective from Koha item type
    Library of Congress Classification     Non-fiction Undergraduate Library (Christ Temple) Undergraduate Library (Christ Temple) General stacks 01/31/2025   HG4026.A75 ARN ulct00001011 01/31/2025 1 01/31/2025 Books
© 2023-2024 Copyright: Central University Libraries. All Rights Reserved | Created by: Mahone Tech Office